000 01070nam a22002897a 4500
001 681
005 20230630091648.0
008 230629b cb ||||| |||| 00| 0 eng d
020 _a0940975483 (pbk.) :
_c$6.00
040 _aOCo
_cOCo
_dDLC
050 0 0 _aPZ7.D78325
_bZi 1994
082 0 0 _a[Fic]
_220
100 1 _aDraper, Sharon M.
_q(Sharon Mills)
245 1 0 _aZiggy and the Black Dinosaurs /
_cby Sharon M. Draper ; illustrated by James Ransome.
260 _aNew York :
_bScholastic,
_c1994.
300 _a78 pages :
_billustrations;
_c23 cm.
505 _aM
520 _aWhen the Black Dinosaurs, a club made up of four African American friends, discover what's hidden in an old trunk buried near their clubhouse, they set out to solve the mystery.
521 _a720
_bLexile
521 _aM
_bRaz-Plus
650 1 _aAfrican Americans
_vFiction.
650 1 _aMystery and detective stories.
650 1 _aClubs
_vFiction.
700 1 _aRansome, James,
_eillustrator.
906 _a7
_bcbc
_ccopycat
_d2
_eopcn
_f19
_gy-gencatlg
942 _2ddc
_cBK
_n0
999 _c681
_d681